000
00321nam a2200145Ia 4500
100
_a
Jain/ G.C.
650
_a
Electrical Engineering
942
_c
BK
654
_a
T.V.
245
_a
Servicing korean colour T.V.
260
_b
Business promotion
_a
Delhi
_c
1982
082
_a
621.38
300
_a
52
546
_a
ENGLISH
999
_c
32404
_d
32404